Το ελληνικό νηπιαγωγείο και οι ρίζες του : συμβολή στην ιστορία της προσχολικής αγωγής

Αποθηκεύτηκε σε:
Λεπτομέρειες βιβλιογραφικής εγγραφής
Κύριος συγγραφέας: Χαρίτος, Χαράλαμπος Γ.
Μορφή: Βιβλίο
Γλώσσα:Greek
Δημοσίευση: Αθήνα : Gutenberg, 1996.
Σειρά:Τεκμήρια ιστορίας νεοελληνικής εκπαίδευσης ; v.4
Θέματα:
Ετικέτες: Προσθήκη ετικέτας
Δεν υπάρχουν, Καταχωρήστε ετικέτα πρώτοι!

MARC

LEADER 00000cam a2200000 i 4500
001 1/88451
008 980401s1996 gr | ||| |||| ||gre||
020 |a 9600106398 
035 |a 1998  |b 1  |c ΚΠΣ/Δημοτικής Εκπαίδευσης  |l 10035503 
040 |a GR-MY-UA  |b gre  |e aacr 
041 0 |a gre 
082 7 |a 372.21809495   |2 (22) 
100 1 |a Χαρίτος, Χαράλαμπος Γ. 
245 1 3 |a Το ελληνικό νηπιαγωγείο και οι ρίζες του :   |b συμβολή στην ιστορία της προσχολικής αγωγής /   |c Χαράλαμπος Γ. Χαρίτος.  
260 |a Αθήνα :   |b Gutenberg,   |c 1996.  
300 |a 320 σ. ;   |c 24 εκ.  
490 1 |a (Τεκμήρια ιστορίας νεοελληνικής εκπαίδευσης ;   |v  vol.4)  
650 0 0 |a Kindergarten facilities  |z Greece  |x History. 
650 0 0 |a Education, Preschool  |z Greece. 
830 0 |a Τεκμήρια ιστορίας νεοελληνικής εκπαίδευσης ;  |v  v.4 
852 |a INST  |b RHODES  |e 19980401  |h 372.21809495 ΧΑΡ  |p 005400010858  |q 005400010858  |t BK  |y 4  |x 20210111 
852 |a INST  |b RHODES  |e 20030604  |h 372.21809495 ΧΑΡ  |p 005400020334  |q 005400020334  |t BK  |y 0 
901 |a BIBL-1998-1 
909 |a Ρ  |b 053121 
909 |a Ρ  |b 101956 
970 |a ΚΟΥΛΑΚΙΟΤΗ  |b ΛΙΤΣΑ  |z 2003/06/04